000 00889nam a2200265Ia 4500
003 OSt
005 20220930072624.0
006 a|||||r|||| 00| 0
007 ta
008 220926b |||||||| |||| 00| 0 eng d
024 _a24663
037 _cTheses
040 _aCRL
_cCRL
_beng
041 _2eng
_aeng
100 _aMahajan Viresh
_9530153
110 _aUniversity of Delhi. Faculty of Medical Sciences. Department of Paediatrics
245 0 _aBrainstem auditory evoked potentials in intrauterine growth retarded neonates born to undernourished mothers
260 _c1997
300 _a97p.
_ap.
_ccm.
650 _aCHILDREN - DISEASES
700 _a Dr Piyush Gupta Supervisor
_9530154
700 _aUniversity of Delhi. Faculty of Medical Sciences. Department of Paediatrics
942 _cDIS
_2CC
999 _c864120
_d864120